000 01128pam a2200325 a 4500
001 3366402
003 OSt
005 20260415102151.0
008 870513r1987 miu 000 0 eng
010 _a 87003096
035 _a3366402
040 _aDLC
_cDLC
_dDLC
050 0 0 _aBS2685
_b.L44 1972
082 0 0 _a251/.02
_219
100 1 _aLee, Robert,
_d1872-1956.
240 1 0 _aOutlined Galatians
245 1 0 _aOutline studies in Galatians /
_cRobert Lee.
260 _aGrand Rapids, Mich. :
_bKregel Publications,
_cc1972.
300 _a136 p. ;
_c20 cm.
336 _atext
_btxt
_2rdacontent
337 _aunmediated
_bn
_2rdamedia
338 _avolume
_bnc
_2rdacarrier
490 1 _aRobert Lee outline studies series
500 _aReprint. Originally published: The outlined Galatians. London : Pickering & Inglis, [1933]
630 0 0 _aBible.
_pGalatians
_xSermons
_xOutlines, syllabi, etc.
800 1 _aLee, Robert,
_d1872-1956.
_tRobert Lee outline studies series.
906 _a7
_bcbc
_corignew
_d1
_eocip
_f19
_gy-gencatlg
942 _2lcc
_cBK
999 _c21613
_d21612